00557nam a2200205Ia 4500003000400000005001700004008004100021020002200062040000700084041000800091082002200099100003600121245009900157260002500256300001700281365001300298440000600311650001200317650002200329OSt20230525170127.0210423s2016 xx 000 0 und d a978-93-325-5871-7 cAL aeng a032.02 223bTHOG aTHORPE (Edgar);THORPE (Showick) aGeneral studies: paper-1 for the civil services preliminary examination: Vol 4 general science aDelhibPearsonc2016 avi,4.413bPB b270cINR v4 aGeneral aGeneral Knowledge